000 00463nam a22001697a 4500
005 20260408133312.0
008 260408b |||||||| |||| 00| 0 eng d
037 _cDSWL
040 _aDSWL
_cDSWL
041 _heng
100 _aChand Mahal Ruby
_91234344
245 _aBody image journeys
260 _aNew Delhi,
_bDepartment of Social Work,
_c2017
300 _a75p
942 _2CC
_cDIS
_n0
999 _c1848099
_d1848099